000 00886nam a22002417a 4500
005 20170804155006.0
010 _aBAC-CH25
020 _a9780141339139
_c350.00
035 _aB-559650-675
035 _aB-664614
035 _aG-002816
037 _bUBH/Ven
_adpl
082 _aN
100 _aColfer, Eoin
245 _aArtemis fowl :
_cby Eoin Colfer
_band the opal deceptiont /
260 _aNew Delhi
_bPuffin Books
_c2011
270 _a11 Community Centre, Panchsheel Park
_bNew Delhi
_e110017 (India)
300 _a343p.
_c20cm(pbk)
942 _2ddc
_cCH
_mCOL
_hN
999 _c85548
_d85548